000 00733 a2200229 4500
005 20260323122041.0
008 260323b |||||||| |||| 00| 0 eng d
020 _a9788199331907 (hbk)
037 _cTB
040 _aCRL
_cCRL
041 _2URD
_aURD
084 _aO168,1N68:g R5
_bCRL
100 _aNayyar, Abbas Raza
_9817826
245 _aAabid Husain Haidari ke tehqeeqi-o-tanqeedi mubahis
260 _aNew Delhi, India:
_bNamak Publications,
_c2025.
300 _a464p.
365 _b900.00
_cINR
650 _aUrdu Literature
650 _aUrdu Poetry
942 _cTB
_2CC
_hO168,1N68:g R5
999 _c1679779
_d1679779